[Event "21st European Teams"]
[Site "Hersonissos GRE"]
[Date "2017.11.03"]
[Round "6.14"]
[Board "1"]
[White "Rasmussen, Allan Stig"]
[Black "Ferreira, Jorge Viterbo"]
[Result "1-0"]
[WhiteTitle "GM"]
[BlackTitle "IM"]
[WhiteElo "2542"]
[BlackElo "2499"]
[WhiteTeam "Denmark"]
[BlackTeam "Portugal"]
[WhiteFideId "1406000"]
[BlackFideId "1910850"]
[EventDate "2017.10.28"]

1. e4 c5 2. Nf3 d6 3. d4 cxd4 4. Nxd4 Nf6 5. Nc3 a6 6. Bg5 e6 7. Qf3 Nbd7 8. Be2
Qc7 9. O-O-O b5 10. e5 Bb7 11. Qh3 dxe5 12. Nxe6 fxe6 13. Qxe6+ Be7 14. Nxb5
axb5 15. Bxb5 Be4 16. c3 Rd8 17. Bxf6 gxf6 18. Rxd7 Qxd7 19. Bxd7+ Rxd7 20. Rd1
Rxd1+ 21. Kxd1 Bg6 22. a4 Bf7 23. Qc8+ Bd8 24. a5 O-O 25. a6 Bb6 26. Qb7 Bxf2
27. Ke2 Bc5 28. b4 Bc4+ 29. Ke1 Bg1 30. a7 Bxa7 31. Qxa7 1-0

[Event "21st European Teams"]
[Site "Hersonissos GRE"]
[Date "2017.11.03"]
[Round "6.14"]
[Board "2"]
[White "Sousa, Andre Ventura"]
[Black "Thybo, Jesper Sondergaard"]
[Result "1/2-1/2"]
[WhiteTitle "IM"]
[BlackTitle "IM"]
[WhiteElo "2405"]
[BlackElo "2479"]
[WhiteTeam "Portugal"]
[BlackTeam "Denmark"]
[WhiteFideId "1917617"]
[BlackFideId "1438832"]
[EventDate "2017.10.28"]

1. e4 e6 2. d4 d5 3. Bd3 dxe4 4. Bxe4 Nf6 5. Bf3 c5 6. Ne2 Nc6 7. Be3 cxd4 8.
Nxd4 Ne5 9. Nc3 Bb4 10. Nb5 Nxf3+ 11. Qxf3 O-O 12. a3 Bxc3+ 13. Nxc3 Bd7 14. Bg5
Bc6 15. Qg3 Kh8 16. O-O Qa5 17. Qh4 Nd5 18. Ne4 f6 19. Bd2 Qc7 20. Rfe1 e5 21.
c4 Ne7 22. Bb4 Ng6 23. Qg3 Rfd8 24. Bc3 a5 25. Qe3 Nf4 26. Rad1 Rxd1 27. Rxd1
Ba4 28. Rd2 Qxc4 29. Nd6 Qa2 30. h3 Bc6 31. f3 Qe6 32. Qc5 a4 33. Nc4 h6 34. Ne3
Re8 35. Rd6 Qf7 36. Kh2 Qg6 37. Qc4 e4 38. fxe4 Bxe4 39. Ng4 h5 40. Qf1 hxg4 41.
Qxf4 gxh3 42. Qh4+ Kg8 43. Qxh3 Qg5 44. Qg3 Qh5+ 45. Qh3 Qc5 46. Re6 Qc8 47.
Rxe8+ Qxe8 48. Qg4 Kf8 49. Bb4+ Kf7 50. Qh5+ g6 51. Qh7+ Ke6 52. Qh3+ f5 53. Qh6
Qb8+ 54. Kh3 Qe8 55. Kh2 Qb8+ 56. g3 Qg8 57. Bc3 Kd5 58. Qg7 Qxg7 59. Bxg7 Kc4 1/2-1/2

[Event "21st European Teams"]
[Site "Hersonissos GRE"]
[Date "2017.11.03"]
[Round "6.14"]
[Board "3"]
[White "Ochsner, Bjorn Moller"]
[Black "Silva, Luis Neves Da"]
[Result "1-0"]
[WhiteTitle "IM"]
[BlackTitle "FM"]
[WhiteElo "2458"]
[BlackElo "2355"]
[WhiteTeam "Denmark"]
[BlackTeam "Portugal"]
[WhiteFideId "1416928"]
[BlackFideId "1919121"]
[EventDate "2017.10.28"]

1. e4 e5 2. Nf3 Nc6 3. Bb5 a6 4. Ba4 Nf6 5. O-O Be7 6. Re1 b5 7. Bb3 d6 8. c3
O-O 9. h3 Nb8 10. d4 Nbd7 11. Nbd2 Bb7 12. Bc2 Re8 13. a4 Bf8 14. b3 g6 15. Bb2
Nh5 16. Nf1 exd4 17. cxd4 d5 18. e5 bxa4 19. Rxa4 c5 20. Ne3 cxd4 21. Ng4 d3 22.
Bxd3 Nc5 23. Ra1 Bg7 24. Bc2 Rc8 25. Rc1 Ne4 26. Qd3 Qa5 27. Qe3 Qa2 28. Qd4 Qa5
29. Qe3 Qa2 30. Bd4 f5 31. Bb1 Qa3 32. Nh6+ Bxh6 33. Qxh6 Qf8 34. Qe3 Ng7 35.
Bb2 f4 36. Qb6 Qe7 37. b4 Nf5 38. Ba2 Kg7 39. Red1 Ba8 40. Rxc8 Rxc8 41. Bxd5
Bxd5 42. e6+ Kh6 43. Rxd5 Rc2 44. Be5 g5 45. Bxf4 gxf4 46. Rxf5 Qd6 47. Rf6+ Kg7
48. Qb7+ Kh8 49. Qxe4 Rc1+ 50. Kh2 Qd1 51. Qxf4 1-0

[Event "21st European Teams"]
[Site "Hersonissos GRE"]
[Date "2017.11.03"]
[Round "6.14"]
[Board "4"]
[White "Martins, David Pires Tavares"]
[Black "Hansen, Mads"]
[Result "1-0"]
[WhiteTitle "IM"]
[BlackTitle "IM"]
[WhiteElo "2384"]
[BlackElo "2393"]
[WhiteTeam "Portugal"]
[BlackTeam "Denmark"]
[WhiteFideId "1909991"]
[BlackFideId "1401610"]
[EventDate "2017.10.28"]

1. Nf3 d5 2. c4 c6 3. g3 Nf6 4. Bg2 dxc4 5. O-O Nbd7 6. a4 a5 7. Na3 Nb6 8. Qc2
g6 9. Nxc4 Bf5 10. d3 Nxc4 11. Qxc4 Bg7 12. e4 Bg4 13. Ng5 O-O 14. e5 Be2 15.
exf6 exf6 16. Ne6 Bxd3 17. Qc3 fxe6 18. Rd1 f5 19. Qa3 Qb6 20. Rxd3 Rad8 21. Bg5
Rxd3 22. Qxd3 Bd4 23. Qe2 Re8 24. Rd1 c5 25. Bd5 Kg7 26. Rxd4 cxd4 27. Qe5+ 1-0

[Event "21st European Teams"]
[Site "Hersonissos GRE"]
[Date "2017.11.03"]
[Round "6.15"]
[Board "1"]
[White "Steingrimsson, Hedinn"]
[Black "Pancevski, Filip"]
[Result "1-0"]
[WhiteTitle "GM"]
[BlackTitle "IM"]
[WhiteElo "2576"]
[BlackElo "2489"]
[WhiteTeam "Iceland"]
[BlackTeam "FYROM"]
[WhiteFideId "2300117"]
[BlackFideId "15002187"]
[EventDate "2017.10.28"]

1. e4 d6 2. d4 g6 3. Nc3 Nf6 4. Bg5 Bg7 5. Qd2 c6 6. O-O-O O-O 7. Bh6 b5 8. Bxg7
Kxg7 9. e5 dxe5 10. dxe5 Qxd2+ 11. Rxd2 Nfd7 12. f4 Nc5 13. g3 b4 14. Nd1 Be6
15. b3 a5 16. Bg2 a4 17. Kb2 Ra6 18. Rd4 axb3 19. axb3 Rb6 20. Ne3 Nbd7 21. Nf3
Ra8 22. Ng5 Nf8 23. Rhd1 Ra7 24. g4 Bc8 25. Rc4 Ra5 26. Rdd4 h6 27. Nf3 Rab5 28.
Rd8 Be6 29. Rcd4 Nb7 30. Re8 c5 31. Rd1 c4 32. bxc4 Rc5 33. Rxe7 Na5 34. Nd2 Rb8
35. f5 Rxe5 36. fxe6 Nxe6 37. Re1 Kf8 38. Ra7 Rd8 39. Bd5 Nc6 40. Raa1 Ncd4 41.
Ng2 Rxe1 42. Rxe1 Nc5 43. Ra1 Re8 44. Ra8 Rxa8 45. Bxa8 Na4+ 46. Kc1 1-0

[Event "21st European Teams"]
[Site "Hersonissos GRE"]
[Date "2017.11.03"]
[Round "6.15"]
[Board "2"]
[White "Nedev, Trajko"]
[Black "Gretarsson, Hjorvar Steinn"]
[Result "1/2-1/2"]
[WhiteTitle "GM"]
[BlackTitle "GM"]
[WhiteElo "2479"]
[BlackElo "2567"]
[WhiteTeam "FYROM"]
[BlackTeam "Iceland"]
[WhiteFideId "15000605"]
[BlackFideId "2302241"]
[EventDate "2017.10.28"]

1. e4 e5 2. Nf3 Nc6 3. Bc4 Nf6 4. d3 h6 5. O-O d6 6. c3 g6 7. d4 Qe7 8. Re1 Bg7
9. h3 O-O 10. Nbd2 b6 11. Nf1 Bb7 12. Ng3 Rad8 13. Bd3 exd4 14. cxd4 Nh7 15. Be3
Nb4 16. Bb1 c5 17. Qd2 h5 18. Bh6 Nc6 19. Bxg7 Kxg7 20. Bc2 Nxd4 21. Nxd4 cxd4
22. Rad1 Ng5 23. f4 Ne6 24. Nf5+ gxf5 25. exf5 Qf6 26. fxe6 fxe6 27. Qd3 Rh8 28.
Bb3 Rhe8 29. Bc2 Rh8 30. Bb3 Rhe8 31. Bc2 1/2-1/2

[Event "21st European Teams"]
[Site "Hersonissos GRE"]
[Date "2017.11.03"]
[Round "6.15"]
[Board "3"]
[White "Stefansson, Hannes"]
[Black "Nikolovski, Nikola"]
[Result "0-1"]
[WhiteTitle "GM"]
[BlackTitle "FM"]
[WhiteElo "2508"]
[BlackElo "2420"]
[WhiteTeam "Iceland"]
[BlackTeam "FYROM"]
[WhiteFideId "2300087"]
[BlackFideId "15002314"]
[EventDate "2017.10.28"]

1. d4 Nf6 2. c4 c5 3. d5 e6 4. Nc3 exd5 5. cxd5 d6 6. Nf3 g6 7. Bf4 Bg7 8. h3
O-O 9. e3 Re8 10. Nd2 a6 11. Nc4 Ne4 12. Nxe4 Rxe4 13. a4 Nd7 14. Bd3 Rxc4 15.
Bxc4 Bxb2 16. Ra2 Bc3+ 17. Ke2 Qe7 18. Qc2 Bb4 19. g4 Ne5 20. Bxe5 Qxe5 21. f4
Qe7 22. Kf3 Bd7 23. e4 Re8 24. a5 Qh4 25. Qc1 f5 26. exf5 gxf5 27. Rg2 Kf7 28.
Qa1 Bc3 29. Qxc3 fxg4+ 30. hxg4 Qxh1 31. f5 Re1 32. Kf2 Rc1 0-1

[Event "21st European Teams"]
[Site "Hersonissos GRE"]
[Date "2017.11.03"]
[Round "6.15"]
[Board "4"]
[White "Lazov, Toni"]
[Black "Kjartansson, Gudmundur"]
[Result "0-1"]
[WhiteTitle "FM"]
[BlackTitle "IM"]
[WhiteElo "2331"]
[BlackElo "2456"]
[WhiteTeam "FYROM"]
[BlackTeam "Iceland"]
[WhiteFideId "15000770"]
[BlackFideId "2301318"]
[EventDate "2017.10.28"]

1. e4 c6 2. d4 d5 3. e5 Bf5 4. Nd2 e6 5. Nb3 Nd7 6. Nf3 c5 7. dxc5 Bxc5 8. Nxc5
Nxc5 9. Bb5+ Nd7 10. O-O Ne7 11. Bg5 O-O 12. Re1 h6 13. Bxe7 Qxe7 14. Nd4 Bg6
15. Bxd7 Qxd7 16. h4 b5 17. Re3 b4 18. h5 Be4 19. f3 Bh7 20. a3 a5 21. axb4 axb4
22. Rxa8 Rxa8 23. Qe1 Qe7 24. Rb3 Qg5 25. Rxb4 Qxh5 26. Rb7 Qg5 27. b4 Qf4 28.
Qc3 Bf5 29. Nxf5 Qxf5 30. b5 d4 31. Qxd4 Qxc2 32. b6 Ra2 33. Qg4 Qc5+ 34. Kh2
Qxe5+ 35. f4 Qd5 36. Rb8+ Kh7 37. Rf8 f5 38. Qg3 Qb7 39. Kh3 Qe7 40. Rc8 Ra1 41.
Kh2 Rb1 42. Rc7 Qf6 43. b7 Qd4 44. Qf3 Qg1+ 45. Kh3 Qh1+ 46. Kg3 h5 47. Qd3 h4+
48. Kf2 Qe1+ 49. Kf3 Qg3+ 50. Ke2 Qxg2+ 51. Ke3 Qg1+ 52. Ke2 Re1+ 53. Kd2 Rd1+
54. Kc2 Rxd3 55. b8=Q Qd1+ 56. Kb2 Rd2+ 57. Ka3 Qa1+ 0-1

[Event "21st European Teams"]
[Site "Hersonissos GRE"]
[Date "2017.11.03"]
[Round "6.16"]
[Board "1"]
[White "Tari, Aryan"]
[Black "Ftacnik, Lubomir"]
[Result "0-1"]
[WhiteTitle "GM"]
[BlackTitle "GM"]
[WhiteElo "2578"]
[BlackElo "2546"]
[WhiteTeam "Norway"]
[BlackTeam "Slovakia"]
[WhiteFideId "1510045"]
[BlackFideId "14900017"]
[EventDate "2017.10.28"]

1. d4 Nf6 2. c4 g6 3. Nc3 d5 4. cxd5 Nxd5 5. e4 Nxc3 6. bxc3 Bg7 7. Be3 c5 8.
Nf3 Qa5 9. Nd2 O-O 10. Be2 Nd7 11. Qc2 Qc7 12. d5 Nf6 13. f4 Bg4 14. Nf3 b5 15.
Bxb5 Bxf3 16. gxf3 Nh5 17. Bc6 Rab8 18. Qd2 Bh6 19. e5 f6 20. O-O fxe5 21. fxe5
Rb2 22. Qxb2 Bxe3+ 23. Kh1 Qxe5 24. Rae1 Rf4 25. Qg2 Rh4 26. Rg1 Qf4 27. Qe2
Ng3+ 28. Rxg3 Qxg3 29. Rf1 Bf4 30. Rf2 Bd6 31. Bd7 Qf4 32. Qd2 Qf6 33. Qe3 Kg7
34. h3 Rc4 35. Rc2 Rf4 36. Rf2 a5 37. Be6 Be5 38. Re2 Bxc3 39. Bg4 h5 40. Qxc5
Bb4 0-1

[Event "21st European Teams"]
[Site "Hersonissos GRE"]
[Date "2017.11.03"]
[Round "6.16"]
[Board "2"]
[White "Markos, Jan"]
[Black "Hammer, Jon Ludvig"]
[Result "0-1"]
[WhiteTitle "GM"]
[BlackTitle "GM"]
[WhiteElo "2559"]
[BlackElo "2632"]
[WhiteTeam "Slovakia"]
[BlackTeam "Norway"]
[WhiteFideId "14903474"]
[BlackFideId "1503707"]
[EventDate "2017.10.28"]

1. Nf3 d5 2. g3 g6 3. c4 dxc4 4. Na3 Bg7 5. Nxc4 Nc6 6. d3 e5 7. Bd2 Nge7 8. Bg2
a5 9. h4 h6 10. Bc3 f6 11. b3 O-O 12. O-O Be6 13. Qc2 Nd5 14. Bb2 Ncb4 15. Qb1
c5 16. a3 Nc6 17. e3 g5 18. hxg5 hxg5 19. d4 cxd4 20. exd4 b5 21. Ncd2 g4 22.
Nh4 Nxd4 23. Bxd4 exd4 24. Re1 Qd7 25. Qg6 Ne7 26. Qe4 Ra6 27. a4 d3 28. axb5
Qxb5 29. Rac1 Rd8 30. Rc7 Rd7 31. Qf4 Rxc7 32. Qxc7 Qb4 33. Rd1 Qd6 34. Qc1 Bh6
35. Qc3 Qe5 36. Qc1 Rd6 37. Qb1 Bxd2 38. Rxd2 Qc3 39. Qe1 Kf7 40. Qe3 Bxb3 41.
Be4 Qe5 42. Rxd3 Rxd3 43. Qxd3 Be6 44. Ng2 a4 45. Nf4 a3 46. Bg6+ Kg7 47. Qa6
Bc8 48. Qa7 a2 49. Qxa2 Nxg6 50. Nxg6 Qe1+ 51. Kh2 Bb7 52. f3 Bxf3 53. Qa7+ Kh6 0-1

[Event "21st European Teams"]
[Site "Hersonissos GRE"]
[Date "2017.11.03"]
[Round "6.16"]
[Board "3"]
[White "Salomon, Johan"]
[Black "Repka, Christopher"]
[Result "1-0"]
[WhiteTitle "GM"]
[BlackTitle "IM"]
[WhiteElo "2477"]
[BlackElo "2470"]
[WhiteTeam "Norway"]
[BlackTeam "Slovakia"]
[WhiteFideId "1509500"]
[BlackFideId "14918781"]
[EventDate "2017.10.28"]

1. d4 d5 2. c4 c6 3. Nf3 Nf6 4. g3 g6 5. Bg2 Bg7 6. O-O O-O 7. Nbd2 a5 8. b3 a4
9. Bb2 Bf5 10. e3 Ne4 11. Nxe4 Bxe4 12. Bh3 c5 13. Ng5 Nc6 14. Qd2 cxd4 15. exd4
axb3 16. axb3 Qb6 17. Nxe4 dxe4 18. d5 Nd4 19. Bxd4 Bxd4 20. Rae1 f5 21. b4 Qf6
22. Rb1 Ra3 23. Kh1 Qe5 24. Rfd1 Rd3 25. Qe2 Rf3 26. Qd2 Rd3 27. Qe2 Rc3 28. Bf1
Rf3 29. c5 Rxf2 30. Qc4 Rxh2+ 31. Kxh2 Bf2 32. d6+ Rf7 33. Rb3 f4 34. Rd5 fxg3+
35. Kg2 Qf6 36. Qxe4 e6 37. d7 exd5 38. Qxd5 Qd8 39. Bc4 1-0

[Event "21st European Teams"]
[Site "Hersonissos GRE"]
[Date "2017.11.03"]
[Round "6.16"]
[Board "4"]
[White "Mazur, Stefan"]
[Black "Christiansen, Johan-Sebastian"]
[Result "0-1"]
[WhiteTitle "IM"]
[BlackTitle "IM"]
[WhiteElo "2460"]
[BlackElo "2462"]
[WhiteTeam "Slovakia"]
[BlackTeam "Norway"]
[WhiteFideId "14909332"]
[BlackFideId "1512668"]
[EventDate "2017.10.28"]

1. e4 e6 2. d4 d5 3. Nc3 Nf6 4. e5 Nfd7 5. f4 c5 6. Nf3 Nc6 7. Be3 Be7 8. Qd2
O-O 9. dxc5 Bxc5 10. O-O-O Qa5 11. a3 Rb8 12. Bxc5 Nxc5 13. Qe3 Ne7 14. g4 Bd7
15. f5 Rfc8 16. f6 b5 17. Na2 b4 18. Nxb4 Ng6 19. Kb1 Ne4 20. Rd4 Qa4 21. Ka2 a5
22. b3 Nc3+ 23. Qxc3 Rxc3 24. bxa4 Rxf3 25. Nd3 gxf6 26. exf6 e5 27. Nc5 exd4
28. Nxd7 Rc8 29. Kb1 Rf2 30. Bd3 Nf4 31. Re1 Nxd3 32. cxd3 Rd2 33. Re5 h6 34. g5
Rxd3 35. g6 Rd1+ 36. Kb2 d3 37. gxf7+ Kxf7 38. Re7+ Kg6 0-1

[Event "21st European Teams"]
[Site "Hersonissos GRE"]
[Date "2017.11.03"]
[Round "6.17"]
[Board "1"]
[White "Ziska, Helgi Dam"]
[Black "Bologan, Victor"]
[Result "1/2-1/2"]
[WhiteTitle "GM"]
[BlackTitle "GM"]
[WhiteElo "2545"]
[BlackElo "2615"]
[WhiteTeam "Faroe Islands"]
[BlackTeam "Moldova"]
[WhiteFideId "7200595"]
[BlackFideId "13900048"]
[EventDate "2017.10.28"]

1. e4 c6 2. Nf3 d5 3. Nc3 Bg4 4. h3 Bxf3 5. Qxf3 e6 6. g3 g6 7. d4 Bg7 8. exd5
cxd5 9. Bf4 Ne7 10. Nb5 O-O 11. c3 Nbc6 12. Bg2 a6 13. Na3 b5 14. O-O b4 15. Nc2
bxc3 16. bxc3 Qa5 17. Rfb1 Rfc8 18. Rb3 Nf5 19. Qd3 Qd8 20. Ra3 a5 21. Rb3 a4
22. Rb5 Na5 23. Rab1 Nc4 24. h4 Bh6 25. Bxh6 Nxh6 26. R5b4 Nf5 27. Bh3 Nfd6 28.
Ne3 Kg7 29. Bf1 Nxe3 30. Qxe3 Rc6 31. Qe1 Qf6 32. Rc1 a3 33. Rb3 h6 34. Bd3 g5
35. hxg5 Qxg5 36. Kg2 h5 37. f4 Qf6 38. Qe5 Qxe5 39. fxe5 Nc4 40. Bxc4 Rxc4 41.
Rf1 Ra7 42. Kh3 Rcc7 43. Kh4 Rcb7 44. Rfb1 Rxb3 45. Rxb3 Kg6 46. g4 hxg4 47.
Kxg4 f5+ 48. exf6 Kxf6 49. Kf4 Ra6 50. Ke3 e5 51. dxe5+ 1/2-1/2

[Event "21st European Teams"]
[Site "Hersonissos GRE"]
[Date "2017.11.03"]
[Round "6.17"]
[Board "2"]
[White "Svetushkin, Dmitry"]
[Black "Nielsen, Hogni Egilstoft"]
[Result "1-0"]
[WhiteTitle "GM"]
[BlackTitle "FM"]
[WhiteElo "2556"]
[BlackElo "2352"]
[WhiteTeam "Moldova"]
[BlackTeam "Faroe Islands"]
[WhiteFideId "13900463"]
[BlackFideId "7200404"]
[EventDate "2017.10.28"]

1. d4 Nf6 2. Nf3 e6 3. c4 b6 4. Nc3 Bb7 5. Bg5 Bb4 6. Nd2 h6 7. Bh4 c5 8. d5 d6
9. e4 Bxc3 10. bxc3 e5 11. Bd3 Nbd7 12. Bc2 Qe7 13. Nf1 g5 14. Bg3 O-O-O 15. Ne3
Nf8 16. a4 a5 17. Rb1 N6d7 18. h4 Ng6 19. h5 Ngf8 20. Rb3 Nh7 21. Nf5 Qf8 22.
O-O Nhf6 23. Qe2 Ne8 24. Bd3 Kc7 25. Bh2 Ng7 26. Ne3 Rb8 27. Rfb1 Bc8 28. Nc2
Qe7 29. Qd1 Nf6 30. Nd4 cxd4 31. cxd4 Nd7 32. Be2 f5 33. c5 dxc5 34. dxe5 Nxe5
35. exf5 Nxf5 36. g4 Nd6 37. Re3 Ndf7 38. Bc4 Kd6 39. Qc2 Qf6 40. Qg6 Qxg6 41.
hxg6 Kd7 42. Bb5+ 1-0

[Event "21st European Teams"]
[Site "Hersonissos GRE"]
[Date "2017.11.03"]
[Round "6.17"]
[Board "3"]
[White "Nielsen, Rogvi Egilstoft"]
[Black "Hamitevici, Vladimir"]
[Result "1-0"]
[WhiteTitle "FM"]
[BlackTitle "IM"]
[WhiteElo "2338"]
[BlackElo "2519"]
[WhiteTeam "Faroe Islands"]
[BlackTeam "Moldova"]
[WhiteFideId "7200447"]
[BlackFideId "13902393"]
[EventDate "2017.10.28"]

1. e4 g6 2. d4 Bg7 3. Nf3 d6 4. Bc4 e6 5. Bb3 Ne7 6. O-O h6 7. Re1 Nd7 8. c3 O-O
9. Nbd2 e5 10. Nf1 Kh7 11. Ng3 Nc6 12. Be3 Qe8 13. h3 a6 14. Nh2 Na5 15. Bc2 Nc4
16. Bc1 exd4 17. b3 d3 18. Qxd3 Nce5 19. Qe2 b5 20. Be3 Qe7 21. Rad1 Re8 22. f4
Nc6 23. e5 dxe5 24. f5 Nf6 25. Ng4 e4 26. fxg6+ fxg6 27. Nxf6+ Qxf6 28. Bxe4 Re6
29. Nh5 Qxc3 30. Rc1 Qe5 31. Bxc6 Rxc6 32. Rxc6 gxh5 33. Rc5 Qd6 34. Qc2+ Kh8
35. Rc6 Qd5 36. Bxh6 Bd4+ 37. Be3 Bb7 38. Rh6+ Kg8 39. Qg6+ Bg7 40. Qh7+ 1-0

[Event "21st European Teams"]
[Site "Hersonissos GRE"]
[Date "2017.11.03"]
[Round "6.17"]
[Board "4"]
[White "Morozov, Nichita"]
[Black "Rodgaard, John"]
[Result "1-0"]
[WhiteTitle "IM"]
[BlackTitle "IM"]
[WhiteElo "2467"]
[BlackElo "2332"]
[WhiteTeam "Moldova"]
[BlackTeam "Faroe Islands"]
[WhiteFideId "13900897"]
[BlackFideId "7200013"]
[EventDate "2017.10.28"]

1. e4 e6 2. d4 d5 3. Nc3 Bb4 4. e5 c5 5. Bd2 Nh6 6. a3 Bxc3 7. bxc3 Nf5 8. Nf3
O-O 9. Bd3 Nc6 10. dxc5 Qa5 11. O-O Qxc5 12. Qe2 Bd7 13. Rfb1 Rfb8 14. g4 Nh6
15. h3 Kh8 16. Ng5 Qe7 17. Nxh7 Ng8 18. g5 g6 19. Nf6 Kg7 20. f4 Kf8 21. Qf2 Bc8
22. Be3 b6 23. Qh4 Qc7 24. Qh8 Ne7 25. Bb5 1-0

[Event "21st European Teams"]
[Site "Hersonissos GRE"]
[Date "2017.11.03"]
[Round "6.18"]
[Board "1"]
[White "Tate, Alan"]
[Black "Djukic, Nikola"]
[Result "0-1"]
[WhiteTitle "FM"]
[BlackTitle "GM"]
[WhiteElo "2366"]
[BlackElo "2519"]
[WhiteTeam "Scotland"]
[BlackTeam "Montenegro"]
[WhiteFideId "2401878"]
[BlackFideId "922412"]
[EventDate "2017.10.28"]

1. e4 c5 2. Nf3 d6 3. Bb5+ Nd7 4. Bd3 Ngf6 5. c3 b6 6. O-O Bb7 7. Re1 Qc7 8. Bc2
Rc8 9. Na3 e6 10. d3 Be7 11. Bf4 O-O 12. d4 cxd4 13. cxd4 e5 14. Bg3 a6 15. Rc1
b5 16. d5 Nh5 17. Bh4 Bxh4 18. Nxh4 g6 19. Nb1 Ndf6 20. Nd2 Qb6 21. Nf1 Rc7 22.
Bb1 Rxc1 23. Qxc1 Rc8 24. Qd2 Rc4 25. Nf3 Bc8 26. Ne3 Rc7 27. Rc1 Ng4 28. Rxc7
Qxc7 29. Qc2 Qxc2 30. Bxc2 Nxe3 31. fxe3 f5 32. exf5 gxf5 33. Nh4 Ng7 34. Kf2 h6
35. g3 Kf7 36. e4 fxe4 37. Bxe4 Kf6 38. Ke3 Ne8 39. Kd2 Kg5 40. Nf3+ Kg4 41. Ng1
Nf6 42. Bg2 Bb7 43. b4 Bxd5 44. Bh3+ Kh5 45. a3 Ng4 46. Ne2 Bb7 0-1

[Event "21st European Teams"]
[Site "Hersonissos GRE"]
[Date "2017.11.03"]
[Round "6.18"]
[Board "2"]
[White "Kosic, Dragan"]
[Black "Morrison, Graham SCO"]
[Result "1/2-1/2"]
[WhiteTitle "GM"]
[BlackTitle "FM"]
[WhiteElo "2493"]
[BlackElo "2278"]
[WhiteTeam "Montenegro"]
[BlackTeam "Scotland"]
[WhiteFideId "900290"]
[BlackFideId "2400090"]
[EventDate "2017.10.28"]

1. d4 Nf6 2. Nf3 e6 3. Bf4 d5 4. e3 Bd6 5. Ne5 O-O 6. Nd2 c5 7. c3 Nc6 8. Bg3
Qc7 9. Nxc6 Qxc6 10. Bd3 b6 11. O-O Bb7 12. Qe2 Qc7 13. Nf3 a5 14. a4 Ne4 15.
Rfc1 Nxg3 16. hxg3 Qe7 17. e4 dxe4 18. Bxe4 cxd4 19. Nxd4 Bc5 20. Nf3 Rad8 21.
Rd1 Rxd1+ 22. Rxd1 Bxe4 23. Qxe4 Rd8 24. Rd3 Rxd3 25. Qxd3 Qd6 26. Qxd6 Bxd6 27.
g4 h6 28. Kf1 Kf8 29. Nd2 f5 30. Nc4 Bc5 31. gxf5 exf5 32. b4 axb4 33. cxb4 Bxb4
34. Nxb6 Kf7 35. Nc4 Ke6 36. Ke2 g5 37. a5 Bc5 38. a6 h5 39. Nd2 h4 40. f3 g4
41. fxg4 fxg4 42. Ne4 Bb6 43. Nc3 Ke5 44. Kf1 Kd4 45. Nb5+ Ke3 46. a7 Bxa7 47.
Nxa7 h3 48. gxh3 gxh3 1/2-1/2

[Event "21st European Teams"]
[Site "Hersonissos GRE"]
[Date "2017.11.03"]
[Round "6.18"]
[Board "3"]
[White "Burnett, Andrew"]
[Black "Draskovic, Luka"]
[Result "1/2-1/2"]
[WhiteTitle "FM"]
[BlackTitle "IM"]
[WhiteElo "2226"]
[BlackElo "2450"]
[WhiteTeam "Scotland"]
[BlackTeam "Montenegro"]
[WhiteFideId "2400855"]
[BlackFideId "944335"]
[EventDate "2017.10.28"]

1. d4 Nf6 2. Nf3 g6 3. Bg5 Bg7 4. Nbd2 O-O 5. c3 d6 6. e4 c5 7. dxc5 dxc5 8. Qc2
Nc6 9. Be2 Qc7 10. O-O h6 11. Bh4 Nh5 12. Rfe1 Bg4 13. Nc4 g5 14. Bg3 Nxg3 15.
hxg3 Bh5 16. Rad1 Bg6 17. a4 Rad8 18. Nfd2 e6 19. Nb3 b6 20. Ne3 h5 21. Bb5 Nb8
22. Nd2 g4 23. Qb3 Nc6 24. Qc4 Ne5 25. Qe2 Rd6 26. Nec4 Nxc4 27. Nxc4 Rxd1 28.
Rxd1 Rd8 29. Rxd8+ Qxd8 30. Qe3 Kh7 31. Qf4 Qd3 32. Qe3 Qd1+ 33. Kh2 Bh6 34. f4
gxf3 35. Qxf3 Qe1 36. Ne5 Be3 37. Bf1 Qf2 38. Qxf2 Bxf2 39. Nxg6 Kxg6 40. Be2
Kg5 41. Kh3 Be1 42. Bb5 Bd2 43. Be8 Kf6 44. c4 Bg5 45. g4 h4 46. g3 hxg3 47.
Kxg3 Ke7 48. Bb5 Kd6 49. Kf3 Ke5 50. Be8 f6 51. Bd7 Bc1 52. Ke2 Bxb2 53. Kd3 Bd4
54. Bc8 1/2-1/2

[Event "21st European Teams"]
[Site "Hersonissos GRE"]
[Date "2017.11.03"]
[Round "6.18"]
[Board "4"]
[White "Kalezic, Blazo"]
[Black "Grant, Jonathan I M"]
[Result "1-0"]
[WhiteTitle "IM"]
[WhiteElo "2465"]
[BlackElo "2179"]
[WhiteTeam "Montenegro"]
[BlackTeam "Scotland"]
[WhiteFideId "921815"]
[BlackFideId "2400294"]
[EventDate "2017.10.28"]

1. e4 c6 2. d4 d5 3. Nd2 dxe4 4. Nxe4 Bf5 5. Ng3 Bg6 6. h4 h6 7. Nf3 e6 8. h5
Bh7 9. Bd3 Bxd3 10. Qxd3 Nf6 11. Bd2 c5 12. O-O-O Nc6 13. Bc3 Be7 14. Ne4 cxd4
15. Nxd4 Nxd4 16. Bxd4 Qd5 17. Bxf6 Qxd3 18. Rxd3 gxf6 19. Rhd1 Rd8 20. Rxd8+
Bxd8 21. Nd6+ Ke7 22. Nc8+ Ke8 23. c4 Rg8 24. Nd6+ Ke7 25. Nxb7 Bb6 26. c5 Bc7
27. g3 Rg4 28. b3 Rg5 29. c6 Rd5 30. Rxd5 exd5 31. Kd2 f5 32. b4 Bb6 33. f3 Bc7
34. g4 fxg4 35. fxg4 f6 36. Kd3 Bb6 37. a4 a6 38. Nc5 a5 39. Nd7 Bd8 40. b5 Kd6
41. Kd4 Bc7 42. Nxf6 Bb6+ 43. Kd3 1-0